000 00772nam a2200229 a 4500
001 000014568
005 20200929163853.0
008 100114s1994 pe 000 0bspa d
020 _a848389602X
040 _aDO-SdBNP
_bspa
_cBNPHU
082 _a923.9
_bO66B
100 1 _aBusto Duthurburu, José Antonio del,
_d1932-2006
_932968
245 1 0 _aFrancisco de Orellana /
_cJosé Antonio del Busto Duthurburu.
260 _aLima, Perú :
_bBrasa,
_c1994.
300 _a124, [3] p. ;
_c21 cm.
490 1 _aForjadores del Perú
_v2
600 1 4 _aORELLANA, FRANCISCO DE,
_d1511-1546
_xBIOGRAFÍAS
_932986
650 4 _aExploradores
_zEspaña
_xBiografías
_91642
650 4 _aDescubrimientos geográficos
_927535
830 0 _aForjadores del Perú ;
_v2
_932959
049 _aBNGR
999 _c14155
_d14155